000 00415nam a22001697a 4500
003 CEME
005 20210628205243.0
008 210224b xxu||||| |||| 00| 0 eng d
020 _a81-203-0872-7
040 _c.
082 _a004.16 MAR'C
100 _aFeistmantl, Eric Maran, Richard
_974602
245 _aComputer simplified
260 _aNEWDELHI
_bPRENTICE HALL
_c1994
300 _a156P
942 _cBK
_2ddc
999 _c580115
_d580115